000
00503nam a2200181Ia 4500
008
100917s9999 xx 000 0 und d
082
_b
30328
100
_a
दारव्हेकर पुरूषोत्तम
245
_a
जावई शोध
260
_b
शिरिष प्रकाशन
_c
1969
300
_a
48
365
_b
1.25
520
_a
नाटक
630
_a
जावई शोध
650
_a
नाटक
730
_a
जावई शोध
942
_c
BOOK
999
_c
635722
_d
635719